<?xml version="1.0" encoding="UTF-8"?>
<record
    xmlns:xsi="http://www.w3.org/2001/XMLSchema-instance"
    xsi:schemaLocation="http://www.loc.gov/MARC21/slim http://www.loc.gov/standards/marcxml/schema/MARC21slim.xsd"
    xmlns="http://www.loc.gov/MARC21/slim">

  <leader>01130nam a22001817a 4500</leader>
  <controlfield tag="005">20241107153516.0</controlfield>
  <datafield tag="010" ind1=" " ind2=" ">
    <subfield code="a">                                            CH/HN, 24</subfield>
  </datafield>
  <datafield tag="020" ind1=" " ind2=" ">
    <subfield code="c">200.00</subfield>
    <subfield code="a">9789383424955</subfield>
  </datafield>
  <datafield tag="037" ind1=" " ind2=" ">
    <subfield code="b">&#x905;&#x915;&#x94D;&#x937;&#x930;&#x947;&#x936; &#x92A;&#x94D;&#x930;&#x915;&#x93E;&#x936;&#x928;</subfield>
  </datafield>
  <datafield tag="082" ind1=" " ind2=" ">
    <subfield code="a">&#x915;</subfield>
  </datafield>
  <datafield tag="245" ind1=" " ind2=" ">
    <subfield code="a">&#x938;&#x94D;&#x935;&#x93E;&#x938;&#x94D;&#x925;&#x94D;&#x92F; &#x938;&#x902;&#x92C;&#x902;&#x927;&#x940; 15 &#x936;&#x94D;&#x930;&#x947;&#x937;&#x94D;&#x920; &#x915;&#x939;&#x93E;&#x928;&#x93F;&#x92F;&#x93E;&#x901; /</subfield>
    <subfield code="c">&#x918;&#x92E;&#x902;&#x921;&#x940;&#x932;&#x93E;&#x932; &#x905;&#x917;&#x94D;&#x930;&#x935;&#x93E;&#x932; &#x926;&#x94D;&#x935;&#x93E;&#x930;&#x93E; &#x938;&#x902;&#x92A;&#x93E;&#x926;&#x93F;&#x924; </subfield>
  </datafield>
  <datafield tag="260" ind1=" " ind2=" ">
    <subfield code="a">&#x926;&#x93F;&#x932;&#x94D;&#x932;&#x940; </subfield>
    <subfield code="b">&#x938;&#x942;&#x930;&#x94D;&#x92F; &#x92D;&#x93E;&#x930;&#x924;&#x940; &#x92A;&#x94D;&#x930;&#x915;&#x93E;&#x936;&#x928;  </subfield>
    <subfield code="c">2023</subfield>
  </datafield>
  <datafield tag="270" ind1=" " ind2=" ">
    <subfield code="a">2596 &#x928;&#x908; &#x938;&#x921;&#x93C;&#x915;</subfield>
    <subfield code="b">&#x926;&#x93F;&#x932;&#x94D;&#x932;&#x940; </subfield>
    <subfield code="e">110006</subfield>
    <subfield code="k">011-23266412</subfield>
    <subfield code="k">9891332357</subfield>
    <subfield code="m">suryabhartiprakashan@gmail.com</subfield>
  </datafield>
  <datafield tag="300" ind1=" " ind2=" ">
    <subfield code="a">64&#x92A;&#x943;.</subfield>
    <subfield code="c">22&#x938;&#x947;&#x92E;&#x940;.(&#x938;&#x91C;&#x93F;&#x932;&#x94D;&#x926;)</subfield>
  </datafield>
  <datafield tag="700" ind1=" " ind2=" ">
    <subfield code="a">&#x905;&#x917;&#x94D;&#x930;&#x935;&#x93E;&#x932;, &#x918;&#x92E;&#x902;&#x921;&#x940;&#x932;&#x93E;&#x932;</subfield>
    <subfield code="9">71300</subfield>
  </datafield>
  <datafield tag="942" ind1=" " ind2=" ">
    <subfield code="2">ddc</subfield>
    <subfield code="c">CH</subfield>
    <subfield code="m">&#x935;&#x940;&#x930;&#x92C;&#x93E;</subfield>
    <subfield code="h">&#x915;</subfield>
  </datafield>
  <datafield tag="999" ind1=" " ind2=" ">
    <subfield code="c">180954</subfield>
    <subfield code="d">180954</subfield>
  </datafield>
</record>
